[Event "EWCCC Online Preliminary-D 2020"]
[Site "Online"]
[Date "2020.12.19"]
[Round "1.3"]
[White "Hrescak, Ivana"]
[Black "Pipia, Ekaterine"]
[Result "1-0"]
[WhiteElo "2212"]
[BlackElo "2019"]
[Annotator "TA"]
[PlyCount "105"]
[EventDate "2020.12.19"]
[EventType "team-tourn"]
[EventCountry "NET"]
[SourceTitle "playchess.com"]
[Source "ChessBase"]
[SourceQuality "1"]

{[%evp 23,104,-6,0,0,0,-9,-10,-12,0,-8,30,20,75,65,115,114,108,93,127,127,161,148,178,159,140,127,125,0,121,102,104,60,102,101,196,154,165,72,79,54,54,54,54,54,65,65,65,66,67,0,54,50,61,64,61,56,111,104,179,85,126,130,75,89,90,0,37,0,236,236,232,215,278,257,464,317,432,385,431,411,29997,29998,29999]} 1. d4 d5 2. c4 e6 3. Nc3 Be7 4. cxd5 exd5 5. Bf4 c6 6. e3 Bf5 7. Bd3 Bxd3 8. Qxd3 Nf6 9. Nf3 O-O 10. h3 Nbd7 11. O-O Re8 12. Rac1 h6 13. Rfd1 {D35: Queen's Gambit Declined: Exchange Variation.} Bf8 {[#]} 14. a3 $146 ({Predecessor:} 14. Ne5 Re6 15. Nxd7 Qxd7 16. Be5 Rae8 17. Qf5 Qd8 18. Qc2 Bb4 19. a3 Bxc3 20. Bxf6 Rxf6 21. Qxc3 {½-½ (47) Wiley,T (2240)-Cosma,I (2475) Chambery 1998}) 14... Ne4 15. Na4 {The position is equal.} Ndf6 16. b4 {[%cal Bb2b4,Bb4c5][%mdl 32]} a6 17. Nc5 Nxc5 (17... Qc8 $11) 18. bxc5 $16 Ne4 19. Rb1 Qc8 20. Rb3 g5 21. Bh2 Be7 22. Rdb1 Ra7 23. Qc2 Bd8 24. Qb2 {[%cal Rb3b7]} Re7 25. Qc2 (25. Bd6 $16 Rd7 26. Ne5 Rxd6 27. cxd6 Nxd6 28. Qc2) 25... Bc7 (25... Re8 $1 $11 {remains equal.}) 26. Bxc7 Qxc7 27. Rb6 Qc8 28. Ne5 Ra8 (28... Qe6 $16) 29. Qb2 {[%cal Rb6b7]} f6 {[#]} 30. Nd3 (30. f3 $1 $18) 30... Ra7 31. Nb4 Kg7 32. Qc2 h5 33. Nd3 Kh6 34. R1b2 Rg7 35. Qc1 Qf5 36. Qc2 ({Better is} 36. R6b3 $14) 36... h4 (36... Qc8 $1 $11) 37. Ne1 $14 g4 38. hxg4 Qxg4 39. Qe2 Qg6 (39... Qxe2 $14 40. Rxe2 Nc3) 40. Qf3 $16 Ng5 (40... Qh5 $16 {keeps fighting.}) 41. Qg4 (41. Qf4 $18 {has better winning chances.}) 41... h3 42. Qh4+ (42. f3 $142) 42... Qh5 {[#]} 43. Qxh5+ $1 Kxh5 44. g3 (44. gxh3 $16 Nxh3+ {[%mdl 64] Discovered Attack (Double check)} 45. Kf1) 44... Ne4 45. Kh2 Nc3 $2 (45... Ng5 $1 $11) 46. R6b3 $18 ({And not} 46. Kxh3 Na4 $11) 46... Ne4 47. Kxh3 Ra8 48. Nd3 ({Less strong is} 48. Rxb7 Nxf2+ 49. Kg2 Rxb7 $16) 48... Kg5 $2 (48... Ng5+ 49. Kg2 Ra7) 49. Nf4 {Strongly threatening Ne6+.} Rh8+ 50. Kg2 {Black must now prevent Ne6+.} Rgh7 51. Rxb7 Rh1 (51... Rh2+ $18 52. Kf3 Rg8) 52. Rg7+ Kf5 53. g4# {Weighted Error Value: White=0.23/Black=0.53} 1-0

[Event "EWCCC Online Preliminary-D 2020"]
[Site "Online"]
[Date "2020.12.19"]
[Round "1.3"]
[White "Donghvani, Nia"]
[Black "Trippold, Denise"]
[Result "1/2-1/2"]
[WhiteElo "1985"]
[BlackElo "2137"]
[Annotator "TA"]
[PlyCount "97"]
[EventDate "2020.12.19"]
[EventType "team-tourn"]
[EventCountry "NET"]
[SourceTitle "playchess.com"]
[Source "ChessBase"]
[SourceQuality "1"]

{[%evp 13,97,0,12,11,27,20,42,19,46,43,86,29,86,36,45,56,66,45,35,-135,151,0,0,-41,0,-16,0,-23,0,-35,-25,-43,-36,-50,-26,-27,-20,-26,0,-18,0,-42,-31,-72,5,-25,0,0,28,-6,-21,-1,15,3,25,40,43,0,27,-20,-28,-27,-27,-33,0,0,0,-444,-443,-443,0,-437,-435,-420,-256,-398,0,0,0,-390,0,-391,0,-251,0,-384]} 1. c4 e6 2. Nf3 Nf6 3. b3 d5 4. Bb2 c5 5. e3 Nc6 6. cxd5 exd5 7. Bb5 Bd7 8. O-O {A13: English Opening: 1...e6.} Be7 9. d4 O-O 10. Nc3 {[%cal Bb1c3,Bc3a4,Ba4c5,Bc5d3,Bd3e5][%mdl 32] White is slightly better.} a6 {[#] Hoping for ...cxd4.} 11. Bxc6 $146 ({Predecessor:} 11. Be2 Be6 12. Rc1 Ne4 13. dxc5 Nxc5 14. Nd4 Bf6 15. Nxc6 bxc6 16. Qd2 Nd7 17. Rfd1 Qb8 18. Na4 Bxb2 19. Qxb2 Rc8 20. Nc5 Nxc5 21. Rxc5 a5 22. Qc3 Qb4 23. Rc1 Bd7 24. Bf3 Rcb8 25. Qe5 a4 26. R5c3 {½-½ (26) Pichardo,J-Barkan,O Teeside 1974}) 11... bxc6 12. Ne5 (12. Na4 $1 $16) 12... Re8 (12... cxd4 $11 13. exd4 Re8) 13. Rc1 Bd6 14. Nxd7 Nxd7 15. Na4 {[%cal Rd4c5]} cxd4 16. Rxc6 $2 {[#]} (16. Qxd4 $14 {stays ahead.} Be5 17. Qd2) 16... Re6 $2 {[%mdl 8192]} ({Don't blunder} 16... dxe3 $2 17. Rxd6 e2 18. Qd4 $1 $18 {[%mdl 512]}) (16... Bxh2+ $1 $17 {[%mdl 512]} 17. Kxh2 Qh4+ 18. Kg1 Ne5 19. Qxd4 (19. g3 $2 Qh3 $19) 19... Qxd4 20. Bxd4 Nxc6) 17. Rxd6 $2 (17. Qxd4 $16 {[%csl Gb2][%cal Rd4g7]} Nf6 18. Rfc1) 17... Rxd6 $11 18. Bxd4 (18. Qxd4 {is more complex.} Qf6 19. Qb4 Qe6 20. Qd4 Qf6) 18... Nf6 19. Nc5 {Threatening Nb7.} Qe7 20. Nd3 Rdd8 21. Ne5 {Black should prevent Nc6.} Rac8 22. Qe2 Qe6 23. h3 h6 24. a4 Ne4 25. Nd3 Rb8 26. Nf4 Qf5 27. Qxa6 Rxb3 28. a5 Ra3 (28... Nd2 $1 $17 {[%cal Rd2f1]} 29. Re1 Rb1) 29. Bb6 Re8 30. Qb5 $36 {[%mdl 2048] White is more active.} Ra8 31. Qxd5 Qxd5 32. Nxd5 g6 33. Rc1 Ra2 34. f3 Nd2 35. Nc7 Rc8 36. Rd1 Nc4 37. Nd5 {Threatens to win with Ne7+.} Nxb6 38. axb6 {[%cal Ba5b6,Bb6b7][%mdl 4128] Endgame Strongly threatening Ne7+. KRR-KRN} Rcc2 39. b7 $1 {[%cal Rb7b8]} Rxg2+ 40. Kh1 $2 {[%mdl 8192] [#]} (40. Kf1 $11 {and White is okay.} Raf2+ 41. Ke1) 40... Rh2+ $1 $19 {[%mdl 64] Double Attack} 41. Kg1 Rag2+ 42. Kf1 Rb2 {[%cal Rh2h1]} 43. Kg1 Rhg2+ 44. Kf1 (44. Kh1 $142 Rh2+ 45. Kg1 Rxh3 46. Nf6+ Kg7 47. b8=Q Rxb8 48. Kg2) 44... Rbf2+ ({Don't play} 44... Rgf2+ 45. Kg1 $19) 45. Ke1 Rb2 {[%cal Rg2g1]} 46. Kf1 $1 Rh2 {[%cal Rh2h1]} ({Much less strong is} 46... Rgf2+ 47. Kg1 $19) 47. Kg1 $1 Rhg2+ $2 ({Better is} 47... Rxh3 $19 48. Nb6 Rg3+ 49. Kh1 Rh3+ 50. Kg1 Rg3+ 51. Kh1 Rxb6 52. Rd8+ Kg7) 48. Kh1 $2 {[%mdl 8192] [#]} (48. Kf1 $1 $11 Rg3 49. Nb6 Rxf3+ {[%mdl 64] Double Attack} 50. Kg1 Rg3+ 51. Kf1 Rxb6 52. Rd8+ Kg7 53. b8=Q Rxb8 54. Rxb8) 48... Rh2+ (48... Rg3 $142 $1 {[%cal Rg3h3]} 49. b8=Q+ Rxb8) 49. Kg1 {[%mdl 32768] Accuracy: White = 51%, Black = 59%. . An unexpected result.} 1/2-1/2

[Event "EWCCC Online Preliminary-D 2020"]
[Site "Online"]
[Date "2020.12.19"]
[Round "1.3"]
[White "Esadze, Tamari"]
[Black "Heinemann, Josefine"]
[Result "0-1"]
[WhiteElo "1889"]
[BlackElo "2302"]
[Annotator "TA"]
[PlyCount "108"]
[EventDate "2020.12.19"]
[EventType "team-tourn"]
[EventCountry "NET"]
[SourceTitle "playchess.com"]
[Source "ChessBase"]
[SourceQuality "1"]

{[%evp 15,108,0,0,0,20,29,26,25,24,23,37,0,23,0,20,22,24,28,14,-42,-33,-89,-99,-58,-50,-63,-25,-82,100,-114,-66,-70,-63,-62,-53,-61,-59,-87,-78,-94,-83,-116,-50,-114,-65,-114,-107,-212,-200,-279,-265,-260,-226,-207,-161,-161,-161,-161,-161,-161,-161,-260,-190,-186,-172,-182,0,-161,-161,-566,-161,-560,-571,-868,-854,-829,-810,-2157,-1902,-12839,-12839,-12840,-12839,-12841,-12841,-12844,-12845,-12845,-12845,-12846,-12846,-12847,-12848,-12848,-12849]} 1. e4 c5 2. Nf3 d6 3. d4 cxd4 4. Nxd4 Nf6 5. Nc3 a6 6. Bg5 e6 7. f4 Qb6 8. Nb3 Be7 9. Qd2 {B97: Sicilian Najdorf: Poisoned Pawn.} h6 10. Bxf6 Bxf6 11. O-O-O {White has an edge.} Be7 12. Kb1 Nd7 13. g4 Qc7 {[#]} 14. Nd4 $146 ({Predecessor:} 14. h4 b5 15. Bg2 Bb7 16. g5 b4 17. Ne2 a5 18. Ng3 a4 19. Nc1 Rc8 20. f5 hxg5 21. fxe6 fxe6 {0-1 (32) Nystrom,R-Rompotti,P Finland 1970}) 14... b5 15. a3 Bb7 16. Bg2 Rc8 17. Rhe1 (17. f5 $11) 17... Nb6 $15 18. Qd3 ({White should play} 18. Bf1 $15) 18... Nc4 $17 19. Nce2 Bf6 20. c3 Qb6 21. Ka2 (21. h4 $11 {remains equal.}) 21... Qc5 $2 (21... e5 $1 $17 {[%cal Re5d4] and life is bright.} 22. Nf5 Rd8) 22. Nb3 $2 (22. e5 $1 $16 {is forced if you want to stay better.} Bxg2 23. exf6 gxf6 24. Ng3) 22... Qe3 23. Nbd4 Qxd3 24. Rxd3 Be7 25. b3 Nb6 {[%cal Bc4b6,Bb6d7,Bd7f6,Bf6g4][%mdl 32]} 26. Kb2 O-O 27. Ng3 Rc7 28. Red1 Rfc8 (28... Nd7 $17 29. Re3 g6) 29. Nge2 (29. f5 $15) 29... Kf8 30. Nc2 Nd7 31. b4 (31. Re3 $17) 31... Nf6 $19 32. Ng3 Nxg4 33. R1d2 g5 (33... Nxh2 34. Bh3 $11) 34. h3 gxf4 35. hxg4 fxg3 36. Rxg3 Bf6 37. Nd4 Ke7 38. Rf3 (38. Rgd3 $142) 38... Be5 ({Weaker is} 38... Bxe4 39. Rxf6 $1 {[%mdl 512]} Kxf6 40. Bxe4 $17) 39. Rh3 Rg8 $36 {[%mdl 2048] White is under strong pressure.} 40. Bf3 Rgc8 41. Bg2 $1 Kf8 42. Rf2 $2 {[#]} (42. Kb3) 42... Kg7 $2 (42... Rxc3 $1 {[%mdl 512]} 43. Rxc3 Bxd4 {[%mdl 64] Pin}) 43. Rhf3 $2 (43. Rd2 {is more resistant.}) 43... Bxe4 {Black is clearly winning.} 44. Re3 Bxg2 45. Rxg2 {[#]} Rxc3 $1 {[%mdl 576] Remove Defender} 46. Rxc3 Bxd4 {[%mdl 64] Pin} 47. Rgg3 Rxc3 48. Rxc3 {[%mdl 4096] Endgame KR-KB} f5 49. gxf5 exf5 50. a4 h5 51. Kb3 Bxc3 52. Kxc3 h4 53. axb5 axb5 {( -> ...h3)} 54. Kd4 h3 {Weighted Error Value: White=0.82/Black=0.35} 0-1

[Event "EWCCC Online Preliminary-D 2020"]
[Site "Online"]
[Date "2020.12.19"]
[Round "1.4"]
[White "Corke, Anya S"]
[Black "Narva, Mai"]
[Result "1/2-1/2"]
[WhiteElo "2255"]
[BlackElo "2276"]
[Annotator "TA"]
[PlyCount "108"]
[EventDate "2020.12.19"]
[EventType "team-tourn"]
[EventCountry "NET"]
[SourceTitle "playchess.com"]
[Source "ChessBase"]
[SourceQuality "1"]

{[%evp 9,108,-5,0,-15,0,-6,-5,0,11,11,11,-12,26,-8,14,-35,-28,-38,-13,-36,-33,-22,-2,-31,5,-31,0,-64,-55,-72,-67,-71,-66,-116,-63,-129,-64,-90,-76,-112,-111,-159,-176,-175,-101,-101,-97,-97,-97,-97,-96,-95,-96,-84,-85,-165,-157,-104,-29,-218,-208,-490,-475,-521,-387,-525,-467,-439,-445,-427,185,-446,217,230,231,216,831,789,6643,2076,1388,284,285,274,290,285,301,275,239,203,267,273,283,270,264,0,64,0,237,0,65]} 1. d4 Nf6 2. Bg5 d5 3. Bxf6 exf6 4. e3 Bd6 5. Bd3 O-O 6. c3 {D00: 1 d4 d5: Unusual lines.} Be6 {[#]} 7. Qc2 $146 ({Predecessor:} 7. h4 Nd7 8. Nd2 f5 9. Qf3 Qf6 10. Nh3 h6 11. O-O-O a6 12. Nf4 c6 13. Rdg1 g6 {0-1 (75) Ntatsis,G (1968)-Mitsakos,A (1873) Athens 2007}) 7... g6 8. h4 Nd7 9. h5 {[%cal Rh5g6]} f5 10. Nf3 b6 11. Nbd2 Qe7 12. g3 Nf6 13. hxg6 fxg6 14. Kf1 Ne4 15. Kg2 c6 16. Rh6 Rf7 17. Rah1 b5 18. Nf1 (18. Ne5 $11 Bxe5 19. dxe5) 18... a5 19. Nh4 {Black must now prevent Nxg6!} Qf6 20. Nf3 a4 21. N3d2 Re8 (21... c5 $17 22. dxc5 Bxc5) 22. f3 (22. f4 $15) 22... Nxd2 ({Better is} 22... b4 $17 23. c4 Bd7) 23. Nxd2 $15 Bd7 24. Nf1 c5 25. R6h4 c4 26. Be2 Rfe7 (26... b4 $19 27. cxb4 Bxb4) 27. Kf2 $17 b4 28. cxb4 Bxb4 {[#]} 29. Bxc4 $1 {[%mdl 512]} Qd6 $36 {[%mdl 2048] Keeping White busy.} (29... dxc4 30. Qxc4+) 30. Bd3 Rc8 31. Qe2 a3 32. bxa3 (32. b3 $17) 32... Bxa3 $19 33. Nd2 Rce8 ({Black should try} 33... Bc1 $17 34. Rd1 Qa3) 34. Nf1 $2 (34. f4 $1 $11 {and White stays safe.}) 34... Bc1 35. e4 $2 (35. Qd1 Qa3 36. Qb3) 35... dxe4 36. fxe4 Qxd4+ 37. Kg2 fxe4 38. Bc4+ Kh8 39. Nh2 Rb8 $4 {[%mdl 8192]} (39... Qc3 $19 40. Rg4 Bxg4 41. Nxg4 Rd8) 40. Bb3 $4 {[%mdl 8192]} (40. Rxc1 $18 {was the only winning move. Strongly threatening Nf1.} Rb2 41. Rc2 Rxc2 42. Qxc2) 40... Bc6 $4 {[%mdl 8192]} (40... Qd2 $19 41. Qxd2 Bxd2) 41. Rxc1 $18 Bb5 42. Qc2 Qd6 $2 (42... Rd8 43. Re1 Qd2+ 44. Qxd2 Rxd2+ 45. Kg1 Bc6) 43. Qc3+ Re5 44. Rd1 (44. Ng4 $142 Rbe8 45. Nxe5 {[%mdl 64] Discovered Attack} Rxe5 46. Rch1) 44... Qc5 45. Qxc5 $2 (45. Qa1 {Threatening mate with Rd5!} Rbe8 {[#]} 46. Rd5 $1 {[%mdl 512]}) 45... Rxc5 46. Ng4 ({Not} 46. Rxe4 Bc6 $11) 46... Bc6 47. Ne3 Rc3 48. Nd5 e3 49. Kf3 Rf8+ 50. Rf4 Re8 {aiming for ...e2+.} 51. Ke2 Bb5+ 52. Kf3 $2 (52. Ke1 $18 Rc5 53. Rf7) 52... Bc6 $14 {And now ...e2+ would win.} 53. Ke2 $2 (53. Re4 $14 e2+ 54. Nxc3 exd1=N 55. Bxd1) 53... Bb5+ $18 54. Kf3 $2 (54. Ke1 $18 Rc5 55. a4) 54... Bc6 {Weighted Error Value: White=0.82/Black=0.47} 1/2-1/2

[Event "EWCCC Online Preliminary-D 2020"]
[Site "Online"]
[Date "2020.12.19"]
[Round "1.4"]
[White "Olde, Margareth"]
[Black "Ciuksyte, Dagne"]
[Result "1-0"]
[WhiteElo "2233"]
[BlackElo "2294"]
[Annotator "TA"]
[PlyCount "55"]
[EventDate "2020.12.19"]
[EventType "team-tourn"]
[EventCountry "NET"]
[SourceTitle "playchess.com"]
[Source "ChessBase"]
[SourceQuality "1"]

{[%evp 14,55,35,27,12,1,16,0,6,-22,-12,0,0,0,42,-11,-15,-15,-24,-13,-25,-54,0,0,0,-7,8,21,16,23,66,64,488,479,517,233,229,226,550,547,537,536,628,619]} 1. d4 Nf6 2. c4 e6 3. Nf3 Bb4+ 4. Bd2 a5 5. g3 d6 6. Bg2 Nbd7 7. O-O e5 8. Be3 O-O {E11: Bogo-Indian.} 9. dxe5 dxe5 {[#]} 10. a3 $146 ({Predecessor:} 10. Qc2 Qe7 11. Nc3 c6 12. Rad1 Bc5 13. Bc1 h6 14. Nd2 Nb6 15. Nb3 Bb4 16. c5 {1-0 (70) Wang,A (2321)-Feng,M (2243) Saint Louis 2018}) 10... Be7 {The position is equal.} 11. h3 c6 12. Nc3 Qc7 13. Qc2 Re8 14. Ng5 (14. Na4 $14) 14... h6 $11 15. Nge4 Nxe4 16. Bxe4 Bc5 17. Bd2 Nf6 ({Black should try} 17... Nb6 $15) 18. Bg2 $1 e4 {[#] Threatens to win with ...Qxg3.} 19. Na4 Bd6 20. c5 Be5 21. Nb6 $36 {[%mdl 2048] White fights for an advantage.} Rb8 22. Bxa5 e3 $2 {[%mdl 8192] Black cannot hold the game after this.} (22... Bf5 $14) 23. f4 $18 Bd4 24. Nxc8 (24. Rfd1 $142) 24... Qxa5 25. Nd6 {[#] Hoping for b4.} Rf8 $2 (25... Qxc5 {is a better chance.} 26. Qxc5 Bxc5) 26. b4 {White is clearly winning.} Qa6 27. Rad1 Qxa3 28. Rxd4 {Weighted Error Value: White=0.25/Black=0.63} 1-0

[Event "EWCCC Online Preliminary-D 2020"]
[Site "Online"]
[Date "2020.12.19"]
[Round "1.4"]
[White "Grigoryan, Meri"]
[Black "Narva, Triin"]
[Result "1-0"]
[WhiteElo "2044"]
[BlackElo "2100"]
[Annotator "TA"]
[PlyCount "77"]
[EventDate "2020.12.19"]
[EventType "team-tourn"]
[EventCountry "NET"]
[SourceTitle "playchess.com"]
[Source "ChessBase"]
[SourceQuality "1"]

{[%evp 14,77,52,63,59,64,68,63,76,16,93,31,233,60,104,90,294,272,358,218,375,283,222,243,353,307,404,375,401,294,339,336,502,508,629,607,703,717,712,714,1012,978,1090,1106,1187,1173,1368,1350,1434,1415,1504,1459,1350,1204,1931,1860,29987,5804,5385,4464,2438,2258,5406,4591,2757,2297]} 1. d4 g6 2. c4 Bg7 3. Nc3 Nf6 4. e4 d6 5. h3 O-O 6. Nf3 Nbd7 7. Bg5 c5 8. d5 $1 h6 {E90: King's Indian: Classical: Early deviations and 6 h3.} 9. Be3 a6 10. Qd2 Kh7 {White is slightly better.} 11. g4 (11. a4 $16) 11... Ng8 {[#]} (11... b5 $11 {keeps the balance.}) 12. h4 $146 (12. a4 $16) ({Predecessor:} 12. Be2 Rb8 13. h4 Qa5 14. Qc2 Kh8 15. Nd2 Ne5 16. Rg1 f5 17. Nb3 Qd8 18. gxf5 gxf5 {1-0 (51) Marjanovic,D (2330)-Manojlovic,B Neum 2014}) 12... e5 $2 {[#]} (12... Qa5 $14) 13. Bh3 $2 (13. dxe6 $1 $18 Ne5 14. Nxe5 Bxe5 15. exf7 Rxf7 16. Be2) 13... Nb6 14. b3 f5 $2 (14... Rb8 $16) 15. gxf5 gxf5 {next ...f4 is good for Black.} 16. Bxf5+ Bxf5 $2 (16... Rxf5 {was called for.} 17. exf5 Bxf5) 17. exf5 Rxf5 18. Qc2 Qd7 (18... Ne7 {was worth a try.} 19. O-O-O Kh8) 19. O-O-O a5 20. a4 Raf8 21. Nd2 Kh8 22. Nde4 Nf6 {[#]} (22... Nc8 $142 23. Ng5 Nce7) 23. Nxd6 $1 $18 {[%mdl 576] Discovered Attack, Deflection} Qxd6 24. Qxf5 e4 25. Nb5 Qd7 26. Qg6 Ng4 27. Qxb6 {[%mdl 64] Double Attack} Qf5 28. Qxc5 Ne5 29. Kb1 Nd3 30. Qe7 Qf3 31. Bd4 Bxd4 32. Nxd4 Qxf2 33. Nc2 Rf7 34. Qe8+ Kh7 35. Rdf1 (35. Rdg1 $142 Rg7 36. Qxe4+ {[%mdl 64] Double Attack} Kh8 37. Rxg7 Kxg7 38. Qxd3 b5 39. axb5 h5 40. Rf1) 35... Qxf1+ {White is clearly winning.} 36. Rxf1 Rxf1+ 37. Ka2 Nc1+ 38. Kb2 Nd3+ 39. Kc3 {Weighted Error Value: White=0.43/Black=0.96} 1-0

[Event "EWCCC Online Preliminary-D 2020"]
[Site "Online"]
[Date "2020.12.19"]
[Round "1.4"]
[White "Narva, Regina"]
[Black "Fink-Nunn, Petra"]
[Result "0-1"]
[WhiteElo "1901"]
[BlackElo "1966"]
[Annotator "TA"]
[PlyCount "52"]
[EventDate "2020.12.19"]
[EventType "team-tourn"]
[EventCountry "NET"]
[SourceTitle "playchess.com"]
[Source "ChessBase"]
[SourceQuality "1"]

{[%evp 13,52,-28,-23,-27,0,-91,-71,-96,-27,-90,-94,-108,-110,-148,-89,-127,-112,-90,-94,-192,-202,-396,-241,-241,-132,-145,-118,-104,-113,-140,-143,-115,-117,-353,-339,-1092,-1089,-1246,-1238,-29987,-916]} 1. e4 e5 2. Nc3 Nf6 3. f4 d5 4. fxe5 Nxe4 5. d3 Nxc3 6. bxc3 Be7 7. Nf3 O-O 8. d4 {C29: Vienna Game: 2...Nf6 3 f4.} f6 9. Bd3 (9. exf6 $11 {keeps the balance.} Rxf6 10. Be2) 9... fxe5 $17 10. Nxe5 {[#]Black is better.} Qe8 (10... Nd7 $1 $17) 11. Qe2 {[#]} (11. Rf1 $11) 11... c5 $1 12. Bb5 Nc6 {[#]} 13. Ba3 $146 ({Predecessor:} 13. Bxc6 bxc6 14. Rf1 Bf5 15. Rf3 cxd4 16. cxd4 c5 17. Qf2 Be4 18. Rxf8+ Qxf8 19. c3 Qxf2+ 20. Kxf2 cxd4 21. cxd4 {0-1 (46) Bigot,A-Anbuhl,E Hamburg 1978}) 13... Rf6 (13... Rf4 $142 {Threatens to win with ...Bf5.} 14. Rf1 Bh4+ 15. Kd1 Re4) 14. O-O-O cxd4 15. Bb2 Qf8 {Hoping for ...Rf2.} 16. Bxc6 (16. cxd4 $17 {was necessary.} Nxe5 17. dxe5) 16... bxc6 $19 17. Nf3 $2 (17. cxd4 Rf2 18. Qe3) 17... Bg4 {White must now prevent ...dxc3.} 18. cxd4 Ba3 ({Don't take} 18... Bxf3 19. gxf3 Bd6 20. Kb1) ({Black should try} 18... Bf5 $19 19. Rhe1 Bd6) 19. Rd3 $17 Bxb2+ 20. Kxb2 Re8 $36 {[%mdl 2048] Black is in control.} 21. Qd2 Bxf3 22. gxf3 Rxf3 23. Rg1 $2 {Now White is beyond hope.} (23. Rxf3 $17 Qxf3 24. Re1 Rb8+ 25. Ka1) 23... Rxd3 $19 24. Qxd3 $2 (24. cxd3 Qf6 25. Kc2) 24... Rb8+ 25. Kc1 Qf4+ {[%mdl 64] Double Attack} 26. Kd1 Rb1+ {Weighted Error Value: White=0.97/Black=0.22} 0-1

[Event "EWCCC Online Preliminary-D 2020"]
[Site "Online"]
[Date "2020.12.19"]
[Round "2.1"]
[White "Ciuksyte, Dagne"]
[Black "Pipia, Ekaterine"]
[Result "1/2-1/2"]
[WhiteElo "2294"]
[BlackElo "2019"]
[Annotator "TA"]
[PlyCount "80"]
[EventDate "2020.12.19"]
[EventType "team-tourn"]
[EventCountry "NET"]
[SourceTitle "playchess.com"]
[Source "ChessBase"]
[SourceQuality "1"]

{[%evp 23,80,36,39,35,41,8,26,14,28,0,56,58,66,64,66,0,0,-58,-60,-62,-51,-53,-45,-179,-183,-163,-189,-433,-425,-379,-362,-335,-354,-334,-331,-324,-313,-308,-214,-242,-227,-463,-462,-492,-490,-494,-490,-457,-129,-137,-137,-160,0,0,0,-165,0,0,0]} 1. e4 c5 2. Nf3 d6 3. d4 cxd4 4. Nxd4 Nf6 5. Nc3 g6 6. Be3 Bg7 7. f3 Nc6 8. Qd2 O-O 9. Bc4 Nxd4 10. Bxd4 Be6 11. Bxe6 fxe6 12. O-O-O Qa5 13. Kb1 {B77: Sicilian Dragon: Yugoslav Attack, 9 Bc4 sidelines.} Rac8 14. h4 Nh5 15. Bxg7 {White has an edge.} Kxg7 {[#]} 16. Qe3 $146 ({Predecessor:} 16. e5 dxe5 17. Qd7 Qc7 18. Qxe6 Nf4 19. Qg4 Ne2 20. Nxe2 Qxc2+ 21. Ka1 Qxe2 22. h5 Qc4 23. Qg5 Qe6 {½-½ (23) Jimenez Melguizo,F (2300)-Mesquita Jr,F (2371) ICCF email 2018}) 16... e5 (16... Qc5 $11 17. Qd2 Kh8) 17. Nd5 $14 e6 18. Nc3 $1 Rc6 19. Qg5 ({White should play} 19. Rd2 $14) 19... Rb6 $11 {Strongly threatening ...Qxc3.} 20. Rxd6 (20. Qe7+ $2 Rf7 $19) (20. Ka1 $11) 20... Rxb2+ $1 $15 {[%mdl 64] Decoy} 21. Kxb2 Qb4+ {[%mdl 64] Double Attack} 22. Kc1 Qxd6 23. Rd1 ({Better is} 23. Qd2 $15 Qc5 24. Nd1) 23... Qa3+ $19 {[%mdl 64] Double Attack} 24. Kd2 Qc5 $36 {[%mdl 2048] White is under strong pressure.} 25. Ne2 $2 (25. Qe3 {might work better.} Rd8+ 26. Ke2 Nf4+ 27. Kf2 Qxe3+ 28. Kxe3 Rxd1 29. Nxd1) 25... h6 26. Qg4 Rd8+ 27. Ke1 Qa5+ 28. c3 Rxd1+ 29. Kxd1 Qxa2 30. g3 Nf6 31. Qh3 Nd7 32. h5 $2 (32. Nc1 Qc4 33. Kc2) 32... Nc5 33. hxg6 Qb1+ 34. Kd2 Qd3+ {[%mdl 64] Double Attack} 35. Ke1 Qe3 $2 (35... Qxf3 $19 36. Qh4 Kxg6) 36. Qh4 $17 Nd3+ ({Much weaker is} 36... Kxg6 $6 37. Qe7 $11) 37. Kd1 {[#]} Nf2+ $2 ({Stronger than} 37... Kxg6 38. Qe7 $11) (37... Qg5 $1 $17 {Hoping for ...Qxh4.} 38. Qxg5 hxg5) 38. Ke1 $11 Nd3+ $2 (38... Kxg6 $11 39. Qe7 Qxf3) 39. Kd1 $19 {[#]} Nf2+ $2 ({Inferior is} 39... Kxg6 40. Qe7 $11) (39... Qg5 $1 $19 {Threatens to win with ...Qxh4.} 40. Qxg5 hxg5) 40. Ke1 $11 Nd3+ {Weighted Error Value: White=0.49/Black=0.43} 1/2-1/2